01083nam a2200289 i 450000100060000000300090000600500170001500700030003200800410003502000180007608000220009408000150011608000180013110000350014924500710018426000350025530000190029049000480030950400320035761000430038965000850043265000480051783000560056585200330062199900170065495201220067110204ES-MaACL20230906145835.0t|950317s1993 sp ||||1| spa d a84-309-2406-X a341.176(4-672 CE) a342.25(46) a35(46).072.231 aPérez Calvo, Alberto.99069610aEstado autonómico y Comunidad Europea / cAlberto Pérez Calvo. aMadrid : bTecnos, cD.L.1993. a324 ; c18 cm.1 aTemas clave de la Constitución Española aBibliografía: p. 315-324.26aComunidades Europeas-zEspaña.9314014aConflictos de jurisdicción y competencia (Administración)-zEspaña.911274 aEspaña-xComunidades autónomas.91786490 aTemas clave de la Constitución Española9178650 aES-MaACLjL-17621 bR.123211 c10204d10204 00104070aATENEOMbATENEOMcDEPO2d2008-01-17eSCl0oL-17621p1010413r2023-02-23 00:00:00w2023-02-23yMONOGRAFIA